000 00356nam a22001337a 4500
020 _a978-93-50330-00-5
082 _a823
_bGIB/K
100 _aGIBRAN,KAHLIL
245 _aSELECTED WORKS OF KAHLIL GIBRAN
_bTHE PROPHET: TEARS AND LAUGHTERS: THE BROKEN WINGS
260 _bMAPLE PRESS PRIVATE LIMITED
_c2016
300 _a240
650 _aNOVEL
942 _cBK
999 _c3553
_d3553